Vakkukal vakkukal (Record no. 1064885)

MARC details
000 -LEADER
fixed length control field 00645nam a2200241Ia 4500
003 - CONTROL NUMBER IDENTIFIER
control field OSt
005 - DATE AND TIME OF LATEST TRANSACTION
control field 20221005132817.0
008 - FIXED-LENGTH DATA ELEMENTS--GENERAL INFORMATION
fixed length control field 221004b |||||||| |||| 00| 0 mal d
037 ## - SOURCE OF ACQUISITION
Terms of availability Textual
040 ## - CATALOGING SOURCE
Original cataloging agency CRL
Transcribing agency CRL
Language of cataloging mal
041 ## - LANGUAGE CODE
Source of code mal
Language code of text/sound track or separate title mal
100 ## - MAIN ENTRY--PERSONAL NAME
Personal name Gopalakrishnan Edayali Au.
9 (RLIN) 641693
245 #0 - TITLE STATEMENT
Title Vakkukal vakkukal
260 ## - PUBLICATION, DISTRIBUTION, ETC.
Date of publication, distribution, etc. 1980
650 ## - SUBJECT ADDED ENTRY--TOPICAL TERM
Topical term or geographic name entry element MALAYALAM PROSE
9 (RLIN) 187524
650 ## - SUBJECT ADDED ENTRY--TOPICAL TERM
Topical term or geographic name entry element MALAYALAM LITERATURE
9 (RLIN) 38866
942 ## - ADDED ENTRY ELEMENTS (KOHA)
Classification part O32,8N28x, M0
Koha item type Textual
Source of classification or shelving scheme
Holdings
Withdrawn status Lost status Damaged status Not for loan Home library Current library Date acquired Total Checkouts Full call number Barcode Date last seen Price effective from Koha item type
        Central Library Central Library 2022-10-05   O32,8N28x M0 CL0810152 2022-10-05 2022-10-05 Textual
Copyright @ Delhi University Library System